| 000 | 01223nam0a2200313 4500 | ||
|---|---|---|---|
| 001 | RU\NLR\bibl\109199 | ||
| 005 | 20260405231212.0 | ||
| 010 |
_a5-8360-0048-4 _91000 |
||
| 021 |
_aRU _b2000-22699 _91075 |
||
| 035 | _a(NLR Aleph) 000106879 | ||
| 090 |
_a605313 _c605313 |
||
| 100 | _a20000920d2000 |||y0rusy50 ca | ||
| 101 | 0 | _arus | |
| 102 | _aRU | ||
| 105 | _aa ||||||||| | ||
| 200 | 1 |
_aСфероволокнистые композиты с пространственной структурой _fНгуен Динь Дык |
|
| 210 |
_aМ. _cЭдиториал УРСС _d2000 |
||
| 215 |
_a241 с. _cил. _d20 |
||
| 320 | _aБиблиогр.: 224 - 241(174 назв.) | ||
| 606 | 0 |
_aКомпозитные материалы волокнистые _91732580 _3RU\NLR\auth\66774512 |
|
| 606 | 0 |
_aВолокнистые композиционные материалы _92187032 _3RU\NLR\auth\661314893 |
|
| 686 | _aЖ366 | ||
| 700 | 0 |
_4070 _8rus _7ca _aНгуен Динь Дык _cд-р техн. наук, композиты _3RU\NLR\AUTH\77105143 _988068 |
|
| 801 | 0 |
_aRU _bNLR _c20000920 _gPSBO |
|
| 801 | 1 |
_aRU _bNLR _c20000920 |
|
| 852 |
_aNLR _j2000-3/9611 |
||
| 942 | _cBOOK | ||
| 980 | _aNB | ||